Memoria acerca de las minas de plomo argentífero y de zinc Iberia, Montserrat, María de los Ángeles y Santa Catalina, situadas en el Cabezo de la Raja, Sierra de Cartagena / (Record no. 189344)

MARC details
000 -LEADER
campo de control de longitud fija 00872nam a2200157 i 4500
001 - NÚMERO DE CONTROL
campo de control 189344
003 - IDENTIFICADOR DE NÚMERO DE CONTROL
campo de control ES-MaACL
005 - FECHA Y HORA DE LA ÚLTIMA TRANSACCIÓN
campo de control 20230906223442.0
008 - DATOS DE LONGITUD FIJA--INFORMACIÓN GENERAL
campo de control de longitud fija 190524s1883 sp |||| | spa d
100 1# - ENTRADA PRINCIPAL--NOMBRE DE PERSONA
Nombre de persona Basilio y Trías, Adolfo.
9 (RLIN) 167118
245 10 - MENCIÓN DEL TÍTULO
Título Memoria acerca de las minas de plomo argentífero y de zinc Iberia, Montserrat, María de los Ángeles y Santa Catalina, situadas en el Cabezo de la Raja, Sierra de Cartagena /
Mención de responsabilidad, etc. por Adolfo Basilio y Trías.
260 ## - PUBLICACIÓN, DISTRIBUCIÓN, ETC.
Lugar de publicación, distribución, etc. Cartagena :
Nombre del editor, distribuidor, etc. [s.n.],
Fecha de publicación, distribución, etc. 1883 (
Fabricante Imp. y Librería de Hipólito García)
300 ## - DESCRIPCIÓN FÍSICA
Extensión 74 p., [4] h. pleg. de planos ;
Dimensiones 21 cm.
650 #4 - PUNTO DE ACCESO ADICIONAL DE MATERIA--TÉRMINO DE MATERIA
Término de materia o nombre geográfico como elemento de entrada Minas-
Subdivisión geográfica Murcia (Comunidad Autónoma)
9 (RLIN) 172990
852 ## - LOCALIZACIÓN
Ubicación ES-MaACL
Número de control de estantería B-8926(19)
Nota libre - Legado de Federico de Botella y de Hornos
-- - Encuadernado en un vol. facticio agrupado con el nombre en el lomo: España, geología, memorias y documentos varios 20 al 40
Holdings
Estatus retirado Estado de pérdida Estado de daño No para préstamo Colección Biblioteca de origen Biblioteca actual Ubicación en estantería Fecha de adquisición Fuente de adquisición Total de préstamos Signatura topográfica completa Código de barras Visto por última vez Precio de reemplazo Tipo de ítem Koha
        Libros del s. XIX Biblioteca del Ateneo de Madrid Biblioteca del Ateneo de Madrid Sala Pardo Bazán 24/05/2019     B-8926(19) 1200611 23/02/2023 23/02/2023 Libro impreso antiguo